[Event "IRQ-ch final first Stage"]
[Site "Baghdad"]
[Date "2013.10.11"]
[Round "4"]
[White "Ares, Saber Majeed"]
[Black "Nagem, Abd M Issa"]
[Result "0-1"]
[WhiteElo "2121"]
[BlackElo "2177"]
[PlyCount "104"]
[EventDate "2013.10.09"]
[EventType "swiss"]
[EventRounds "9"]
[EventCountry "IRQ"]
[SourceTitle "EXT 2018"]
[Source "ChessBase"]
[SourceDate "2017.10.13"]
[SourceVersion "1"]
[SourceVersionDate "2017.10.13"]
[SourceQuality "1"]

1. d4 d5 2. c4 e6 3. Nf3 Nf6 4. g3 c5 5. Bg2 cxd4 6. Nxd4 Bb4+ 7. Nc3 0-0 8. Qb3 Nc6 9. Nxc6 Bxc3+ 10. Qxc3 bxc6 11. 0-0 Ba6 12. b3 Re8 13. Bf4 Nh5 14. Be3 Qf6 15. Qa5 Bb7 16. Rad1 Qd8 17. Qc3 Qb8 18. Bc5 Nf6 19. Qc2 Qc7 20. h3 Qa5 21. Bd4 e5 22. Bc3 Qc5 23. Ba1 a5 24. Qc3 d4 25. Qc2 Qb4 26. c5 Nd7 27. Rc1 a4 28. bxa4 Qxa4 29. Qf5 Re7 30. e3 dxe3 31. fxe3 Qxa2 32. Qg5 f6 33. Qg4 Ra4 34. Qf5 Qe6 35. Qb1 Ra7 36. Rfd1 Qa2 37. Qd3 Ba8 38. Be4 Nf8 39. Rc2 Qf7 40. Qe2 Red7 41. Rb1 Rd8 42. Bd3 Kh8 43. Bc4 Qg6 44. Kh2 Rad7 45. e4 Bb7 46. Bb3 Rd3 47. Qg2 Bc8 48. Re2 Qh5 49. Bc4 Bxh3 50. Qxh3 Qxe2+ 51. Qg2 Qh5+ 52. Kg1 Rd2 0-1

[Event "Sulaymaniyah-ch"]
[Site "Sulaymaniyah"]
[Date "2012.06.24"]
[Round "5"]
[White "Ares, Saber Majeed"]
[Black "Rawand, Hamid Abdullah"]
[Result "1-0"]
[WhiteElo "2108"]
[BlackElo "1927"]
[PlyCount "112"]
[EventDate "2012.06.23"]
[EventType "tourn"]
[EventRounds "9"]
[EventCountry "IRQ"]
[SourceTitle "EXT 2013"]
[Source "ChessBase"]
[SourceDate "2012.11.22"]
[SourceVersion "1"]
[SourceVersionDate "2012.11.22"]
[SourceQuality "1"]

1. d4 d5 2. c4 c6 3. Nf3 Nf6 4. Nc3 e6 5. e3 Bd6 6. Bd3 a6 7. a4 Nbd7 8. 0-0 0-0 9. Qe2 Re8 10. e4 dxe4 11. Nxe4 Nxe4 12. Qxe4 Nf6 13. Qh4 g6 14. Bg5 Be7 15. Rfe1 Nd7 16. Re3 Bxg5 17. Nxg5 Nf8 18. Qh6 Qxd4 19. Rf3 Re7 20. Ne4 f5 21. Rd1 Qg7 22. Qxg7+ Kxg7 23. Nd6 e5 24. Re3 c5 25. f3 Kf6 26. Nxc8 Rxc8 27. Bc2 Rd7 28. Rxd7 Nxd7 29. Rd3 Ke6 30. a5 Rc6 31. Ba4 Rc7 32. Kf2 e4 33. fxe4 fxe4 34. Rxd7 Rxd7 35. Bxd7+ Kxd7 36. Ke3 Kd6 37. Kxe4 Ke6 38. h4 h6 39. g4 Kd6 40. h5 gxh5 41. gxh5 Ke6 42. b3 Kd6 43. Kf5 b5 44. axb6 Kc6 45. Kg6 Kxb6 46. Kxh6 Ka5 47. Kg6 Kb4 48. h6 Kxb3 49. h7 Kxc4 50. h8Q Kb3 51. Qb8+ Kc3 52. Qb6 c4 53. Kf5 Kc2 54. Qxa6 c3 55. Ke4 Kb1 56. Kd3 c2 1-0

[Event "Sulaymaniyah-ch"]
[Site "Sulaymaniyah"]
[Date "2012.06.24"]
[Round "4"]
[White "Kameran, Aziz"]
[Black "Ares, Saber Majeed"]
[Result "1-0"]
[WhiteElo "2022"]
[BlackElo "2108"]
[PlyCount "59"]
[EventDate "2012.06.23"]
[EventType "tourn"]
[EventRounds "9"]
[EventCountry "IRQ"]
[SourceTitle "EXT 2013"]
[Source "ChessBase"]
[SourceDate "2012.11.22"]
[SourceVersion "1"]
[SourceVersionDate "2012.11.22"]
[SourceQuality "1"]

1. d4 d5 2. c4 c6 3. Nf3 Nf6 4. e3 e6 5. Nc3 Nbd7 6. Qc2 Bd6 7. g4 Nxg4 8. Rg1 Nh6 9. Bd2 Qf6 10. Be2 Qf5 11. e4 dxe4 12. Nxe4 Kf8 13. Rg5 Be7 14. Rxf5 Nxf5 15. 0-0-0 Nf6 16. Nxf6 Bxf6 17. Bg5 Nxd4 18. Rxd4 Bxd4 19. Nxd4 f6 20. Be3 Kf7 21. Qe4 Bd7 22. Nb3 b6 23. c5 b5 24. Na5 Rac8 25. Nb7 Rc7 26. Nd6+ Ke7 27. Qg4 g6 28. Qh4 h5 29. Bg5 Rf8 30. Bxf6+ 1-0

[Event "IRQ-ch"]
[Site "Sulaymaniyah"]
[Date "2012.03.19"]
[Round "4"]
[White "Al Ali, Hussein Ali Hussein"]
[Black "Ares, Saber Majeed"]
[Result "0-1"]
[WhiteElo "2356"]
[BlackElo "2142"]
[PlyCount "41"]
[EventDate "2012.03.17"]
[EventType "tourn"]
[EventRounds "9"]
[EventCountry "IRQ"]
[SourceTitle "EXT 2013"]
[Source "ChessBase"]
[SourceDate "2012.11.22"]
[SourceVersion "1"]
[SourceVersionDate "2012.11.22"]
[SourceQuality "1"]

1. e4 c5 2. Nf3 d6 3. c3 Nf6 4. h3 Nc6 5. Bd3 g6 6. Bc2 Bg7 7. 0-0 0-0 8. Re1 e5 9. d4 cxd4 10. cxd4 exd4 11. Nxd4 Nxd4 12. Qxd4 Be6 13. Qd3 d5 14. e5 Ne4 15. f3 Qh4 16. Qe3 Bxe5 17. fxe4 Bd4 18. Qxd4 Qxe1+ 19. Kh2 Qxc1 20. exd5 Qxc2 21. Na3 0-1

[Event "IRQ-ch"]
[Site "Sulaymaniyah"]
[Date "2012.03.18"]
[Round "3"]
[White "Ares, Saber Majeed"]
[Black "Ahmed, Ali Layth Ahmed"]
[Result "0-1"]
[WhiteElo "2142"]
[BlackElo "2337"]
[PlyCount "83"]
[EventDate "2012.03.17"]
[EventType "tourn"]
[EventRounds "9"]
[EventCountry "IRQ"]
[SourceTitle "EXT 2013"]
[Source "ChessBase"]
[SourceDate "2012.11.22"]
[SourceVersion "1"]
[SourceVersionDate "2012.11.22"]
[SourceQuality "1"]

1. d4 Nf6 2. c4 e6 3. Nf3 b6 4. g3 Bb7 5. Bg2 Be7 6. 0-0 0-0 7. Nc3 Ne4 8. d5 Nxc3 9. bxc3 Bf6 10. Nd4 e5 11. Nf5 d6 12. a4 a5 13. Rb1 Ba6 14. Ne3 Nd7 15. Ba3 g6 16. Qc2 Qe7 17. h4 Rae8 18. h5 Bg5 19. hxg6 hxg6 20. Bc1 f5 21. f4 exf4 22. gxf4 Bh6 23. Rf3 Nf6 24. Rg3 Kf7 25. Rh3 Rh8 26. Bd2 Ne4 27. Rf1 Bg7 28. Rff3 Bc8 29. Kf1 Bd7 30. Be1 Nc5 31. Rfg3 Bxa4 32. Qd2 Ne4 33. Bxe4 Qxe4 34. Qa2 Bd7 35. Ng2 Qe7 36. Re3 Qd8 37. Bh4 Bf6 38. Bxf6 Qxf6 39. Reg3 Re4 40. Rf3 a4 41. Rf2 Rhe8 42. Rg3 0-1

[Event "Baghdad op 1st"]
[Site "Baghdad"]
[Date "2011.11.12"]
[Round "8"]
[White "Bahzad, Zeealdeen Mawlud"]
[Black "Ares, Saber Majeed"]
[Result "1-0"]
[WhiteElo "2105"]
[BlackElo "2110"]
[PlyCount "75"]
[EventDate "2011.11.08"]
[EventType "swiss"]
[EventRounds "9"]
[EventCountry "IRQ"]
[SourceTitle "CBM 145 Extra"]
[Source "ChessBase"]
[SourceDate "2012.01.03"]
[SourceVersion "1"]
[SourceVersionDate "2012.01.03"]
[SourceQuality "1"]

1. d4 d5 2. c4 c6 3. Nf3 Nf6 4. e3 e6 5. Nc3 Nbd7 6. Bd3 dxc4 7. Bxc4 b5 8. Bd3 Bb7 9. 0-0 a6 10. e4 c5 11. d5 exd5 12. exd5 Nxd5 13. Nxd5 Bxd5 14. Bxb5 Bxf3 15. Bxd7+ Qxd7 16. Qxf3 Rd8 17. Re1+ Be7 18. Bg5 f6 19. Rad1 Qc8 20. Rxd8+ Qxd8 21. Bf4 0-0 22. Qb7 Rf7 23. Qxa6 g5 24. Bg3 Kg7 25. Qc4 Bf8 26. Rc1 Rd7 27. h4 Rd4 28. Qe6 gxh4 29. Bh2 Qd7 30. Re1 Rd2 31. Qh3 Qd4 32. Qf3 Rxb2 33. Bf4 h5 34. Rd1 Qa4 35. Qxh5 Rxa2 36. Bh6+ Kg8 37. Qg6+ Kh8 38. Bg7+ 1-0

[Event "Baghdad op 1st"]
[Site "Baghdad"]
[Date "2011.11.11"]
[Round "7"]
[White "Ares, Saber Majeed"]
[Black "Al Saffar, Araz Basim Mohammed"]
[Result "0-1"]
[WhiteElo "2110"]
[BlackElo "2336"]
[PlyCount "44"]
[EventDate "2011.11.08"]
[EventType "swiss"]
[EventRounds "9"]
[EventCountry "IRQ"]
[SourceTitle "CBM 145 Extra"]
[Source "ChessBase"]
[SourceDate "2012.01.03"]
[SourceVersion "1"]
[SourceVersionDate "2012.01.03"]
[SourceQuality "1"]

1. d4 Nf6 2. c4 e6 3. g3 d5 4. Bg2 dxc4 5. Nf3 a6 6. 0-0 c5 7. Na3 b5 8. Ne5 Ra7 9. Bf4 Nbd7 10. Nc2 Nxe5 11. Bxe5 Nd7 12. Bc6 Bb7 13. Bxd7+ Qxd7 14. f3 f6 15. Bf4 cxd4 16. a4 e5 17. Bd2 Bc5 18. Kg2 0-0 19. axb5 axb5 20. Na3 Rfa8 21. Qc2 c3 22. Rad1 Bxa3 0-1

[Event "Baghdad op 1st"]
[Site "Baghdad"]
[Date "2011.11.11"]
[Round "6"]
[White "Nameer, Noor Al Deen"]
[Black "Ares, Saber Majeed"]
[Result "1/2-1/2"]
[WhiteElo "2219"]
[BlackElo "2110"]
[PlyCount "60"]
[EventDate "2011.11.08"]
[EventType "swiss"]
[EventRounds "9"]
[EventCountry "IRQ"]
[SourceTitle "CBM 145 Extra"]
[Source "ChessBase"]
[SourceDate "2012.01.03"]
[SourceVersion "1"]
[SourceVersionDate "2012.01.03"]
[SourceQuality "1"]

1. Nf3 Nf6 2. c4 c6 3. Nc3 d5 4. d4 e6 5. e3 Nbd7 6. Bd2 Bd6 7. Bd3 0-0 8. 0-0 dxc4 9. Bxc4 b5 10. Bd3 a6 11. e4 e5 12. Re1 Bb7 13. Rc1 Rc8 14. Bb1 exd4 15. Nxd4 Ne5 16. Bg5 Bb8 17. Nf5 Qxd1 18. Rcxd1 Ng6 19. Nd6 Rc7 20. Nxb7 Rxb7 21. h3 Re8 22. Bxf6 gxf6 23. a3 Rbe7 24. Kf1 Kg7 25. g3 Ne5 26. b3 Bc7 27. f4 Nd7 28. b4 a5 29. Kf2 axb4 30. axb4 Nb6 1/2-1/2

[Event "Arab Clubs-chT 11th"]
[Site "Tunis"]
[Date "2009.12.18"]
[Round "8"]
[White "Hassan, Sayed Barakat"]
[Black "Ares, Saber Majeed"]
[Result "1-0"]
[WhiteElo "2345"]
[BlackElo "2066"]
[PlyCount "43"]
[EventDate "2009.12.12"]
[EventType "team-swiss"]
[EventRounds "9"]
[EventCountry "TUN"]
[SourceTitle "EXT 2020"]
[Source "ChessBase"]
[SourceDate "2019.10.17"]
[SourceVersion "1"]
[SourceVersionDate "2019.10.17"]
[SourceQuality "1"]
[WhiteTeam "Eastern Company"]
[BlackTeam "Peshmerga"]
[WhiteTeamCountry "EGY"]
[BlackTeamCountry "IRQ"]

1. e4 c5 2. Nc3 d6 3. f4 Nc6 4. Nf3 g6 5. Bc4 Bg7 6. 0-0 e6 7. d3 Nge7 8. Qe1 0-0 9. f5 exf5 10. Qh4 a6 11. Bh6 b5 12. Bb3 Re8 13. Bxg7 Kxg7 14. Ng5 h5 15. Nxf7 Qc7 16. Qf4 Ne5 17. Qh6+ Kf6 18. exf5 c4 19. Ne4+ Kxf7 20. Qh7+ Kf8 21. fxg6+ Bf5 22. Rxf5+ 1-0

[Event "Arab Clubs-chT 11th"]
[Site "Tunis"]
[Date "2009.12.13"]
[Round "2"]
[White "Ares, Saber Majeed"]
[Black "Abdel Razik, Khaled"]
[Result "0-1"]
[WhiteElo "2066"]
[BlackElo "2469"]
[PlyCount "32"]
[EventDate "2009.12.12"]
[EventType "team-swiss"]
[EventRounds "9"]
[EventCountry "TUN"]
[SourceTitle "EXT 2020"]
[Source "ChessBase"]
[SourceDate "2019.10.17"]
[SourceVersion "1"]
[SourceVersionDate "2019.10.17"]
[SourceQuality "1"]
[WhiteTeam "Peshmerga"]
[BlackTeam "El Dakhlia"]
[WhiteTeamCountry "IRQ"]
[BlackTeamCountry "EGY"]

1. Nf3 Nf6 2. g3 c6 3. Bg2 d6 4. d4 Qa5+ 5. Nc3 e5 6. dxe5 dxe5 7. 0-0 Be7 8. e4 0-0 9. Bd2 Qc7 10. Qe2 b5 11. a3 a5 12. Nh4 Re8 13. f4 b4 14. fxe5 Bc5+ 15. Be3 Bxe3+ 16. Qxe3 Ng4 0-1

[Event "Asia Cities-ch 15th"]
[Site "Tehran"]
[Date "2007.03.08"]
[Round "9.3"]
[White "Ghorbani, Mohsen"]
[Black "Ares, Saber Majeed"]
[Result "1-0"]
[WhiteElo "2311"]
[BlackElo "2100"]
[PlyCount "79"]
[EventDate "2007.03.02"]
[EventType "team-swiss"]
[EventRounds "9"]
[EventCountry "IRI"]
[SourceTitle "EXT 2020"]
[Source "ChessBase"]
[SourceDate "2019.10.17"]
[SourceVersion "1"]
[SourceVersionDate "2019.10.17"]
[SourceQuality "1"]
[WhiteTeam "Tehran Saipa"]
[BlackTeam "Sulaymaniyah"]
[WhiteTeamCountry "IRI"]
[BlackTeamCountry "IRQ"]

1. d4 d5 2. c4 c6 3. Nc3 Nf6 4. e3 e6 5. Nf3 Nbd7 6. Qc2 Bd6 7. a3 0-0 8. Be2 e5 9. cxd5 Nxd5 10. Nxd5 cxd5 11. dxe5 Nxe5 12. Bd2 Be6 13. Bc3 Rc8 14. Qd1 Nxf3+ 15. Bxf3 Be7 16. 0-0 b6 17. Qa4 Qd6 18. Rfd1 Rfd8 19. Rd2 Qd7 20. Qf4 Qc7 21. Qa4 Rd7 22. Rad1 Rcd8 23. g3 a5 24. Bd4 Qc4 25. Qc2 Qa6 26. Rc1 b5 27. Be2 Qb7 28. Qc6 b4 29. a4 b3 30. Bb5 Qxc6 31. Rxc6 Bh3 32. Rd3 Rd6 33. Rxd6 Bxd6 34. Rxb3 Bb4 35. Bc3 Rc8 36. Bf1 Be6 37. Bxb4 Rb8 38. Bb5 axb4 39. Rxb4 g5 40. g4 1-0

[Event "Asia Cities-ch 15th"]
[Site "Tehran"]
[Date "2007.03.06"]
[Round "7.4"]
[White "Ares, Saber Majeed"]
[Black "Lin, Ta"]
[Result "1/2-1/2"]
[WhiteElo "2100"]
[BlackElo "2386"]
[PlyCount "83"]
[EventDate "2007.03.02"]
[EventType "team-swiss"]
[EventRounds "9"]
[EventCountry "IRI"]
[SourceTitle "EXT 2020"]
[Source "ChessBase"]
[SourceDate "2019.10.17"]
[SourceVersion "1"]
[SourceVersionDate "2019.10.17"]
[SourceQuality "1"]
[WhiteTeam "Sulaymaniyah"]
[BlackTeam "Shanghai"]
[WhiteTeamCountry "IRQ"]
[BlackTeamCountry "CHN"]

1. d4 f5 2. c4 Nf6 3. Nf3 g6 4. g3 Bg7 5. Bg2 0-0 6. 0-0 d6 7. Nc3 Nc6 8. b3 e5 9. dxe5 dxe5 10. Ba3 Re8 11. Nb5 Bd7 12. Ng5 e4 13. h4 a6 14. Nc3 h6 15. Nh3 Nh5 16. Rc1 e3 17. Bc5 exf2+ 18. Bxf2 Be5 19. Qd2 Kh7 20. Rfd1 Be6 21. Qe1 Qf6 22. Nd5 Bxd5 23. Rxd5 Rad8 24. Rcd1 Bc3 25. Rd7+ Re7 26. Rxe7+ Qxe7 27. Qf1 Be5 28. Rxd8 Nxd8 29. Qe1 c6 30. e4 f4 31. g4 Ng7 32. g5 h5 33. Qd2 Nge6 34. Bf3 Nf7 35. Kg2 Qd6 36. Qxd6 Bxd6 37. Ng1 Bc5 38. Ne2 Bxf2 39. Kxf2 Ne5 40. Bg2 Nd3+ 41. Kf3 Ne1+ 42. Kf2 1/2-1/2

[Event "Arab-chT Clubs"]
[Site "Amman"]
[Date "2006.05.??"]
[Round "6"]
[White "Al Badani, Abdu"]
[Black "Ares, Saber Majeed"]
[Result "1-0"]
[WhiteElo "2164"]
[BlackElo "2127"]
[PlyCount "59"]
[EventDate "2006.05.??"]
[EventType "team"]
[EventRounds "8"]
[EventCountry "JOR"]
[SourceTitle "CBM 112 Extra"]
[Source "ChessBase"]
[SourceDate "2006.07.14"]
[SourceVersion "1"]
[SourceVersionDate "2006.07.14"]
[SourceQuality "1"]

1. e4 c5 2. Nc3 e6 3. g3 Nc6 4. Bg2 Nf6 5. d3 Be7 6. Nge2 0-0 7. 0-0 d5 8. a3 d4 9. Nb1 e5 10. f4 b5 11. Nd2 a5 12. a4 Ba6 13. Nf3 Bd6 14. fxe5 Nxe5 15. Bg5 Nxf3+ 16. Rxf3 Be5 17. Rf5 Re8 18. Bxf6 Bxf6 19. axb5 Bxb5 20. Rxc5 Rb8 21. Rd5 Qb6 22. b3 a4 23. bxa4 Bc6 24. Rf5 Bd7 25. Rf2 Qa7 26. a5 Rb4 27. Qd2 Reb8 28. Nf4 Be6 29. Kh1 Bc8 30. Nd5 1-0

[Event "Arab-chT Clubs"]
[Site "Amman"]
[Date "2006.05.??"]
[Round "2"]
[White "Ares, Saber Majeed"]
[Black "Omearat, Adel"]
[Result "0-1"]
[WhiteElo "2127"]
[BlackElo "2274"]
[PlyCount "66"]
[EventDate "2006.05.??"]
[EventType "team"]
[EventRounds "8"]
[EventCountry "JOR"]
[SourceTitle "CBM 112 Extra"]
[Source "ChessBase"]
[SourceDate "2006.07.14"]
[SourceVersion "1"]
[SourceVersionDate "2006.07.14"]
[SourceQuality "1"]

1. d4 Nf6 2. c4 e6 3. Nc3 Bb4 4. Qc2 0-0 5. Nf3 b6 6. Bg5 Bb7 7. e3 d6 8. Bd3 Nbd7 9. 0-0 Rc8 10. a3 Bxc3 11. Qxc3 h6 12. Bh4 c5 13. Rad1 cxd4 14. Nxd4 d5 15. Nb5 Ba6 16. Qb4 Ne5 17. cxd5 Nxd3 18. Rxd3 Nxd5 19. Qg4 f5 20. Qh5 Qd7 21. a4 Bxb5 22. axb5 Qxb5 23. Rd2 Kh7 24. Bg3 Rfd8 25. Rd4 Nf6 26. Qf7 Rxd4 27. exd4 Qd7 28. Qxd7 Nxd7 29. h3 Kg8 30. Rd1 Nf6 31. Be5 Kf7 32. Rd3 a5 33. Rb3 Nd5 0-1